| 000 | 00611nam a2200169Ia 4500 | ||
|---|---|---|---|
| 999 |
_c2673 _d2673 |
||
| 003 | DO-SdBJH | ||
| 005 | 20180416180455.0 | ||
| 008 | 180414s9999 dr 000 0 spa d | ||
| 040 |
_aDO-SdBJH _bspa _cDO-SdBJH |
||
| 090 | _aDM FM 24-1 | ||
| 110 | _aInstituto de Cooperación para la Seguridad Hemisférica | ||
| 245 | 1 | 0 | _aFM 24-1 Las comunicaciones en combate / Instituto de Cooperación para la Seguridad Hemisférica |
| 260 | _aFuerte Benning, Georgia : Cuartel General Secretaría del Ejército | ||
| 300 | _a87 páginas en varias paginaciones | ||
| 650 | 4 | _aCombate -- Comunicación | |
| 942 |
_2ddc _cBK |
||